000 01066nam a2200241Ia 4500
003 Ost
005 20260507075111.0
008 260507s9999||||xx |||||||||||||| ||und||
020 _a2648519977
040 _cfsecg
041 _aara
082 _a330
100 _aتوفيق رضا، حسين
_eمؤلف
245 0 _aربوات القرض وربوات البيع /
_c حسين توفيق رضا
260 _aالقاهرة:
_bمكتبة الشروق,
_c1998
300 _a618 صفحة؛
_c24 سم
520 _aالعقود والديون غير ذات الربا 1-البيوع 2- المشاركات أحكام الربوات 1- خطاب الحظر 2-جزاءات التحريم أسباب تحريم الربوات 1- حكم تحريم الربا عند غير المسلمين 2- حكمة تحريم ربا القرض في الاسلام 3- حكم ربوات البيع
653 _aالربا
653 _aالمعاملات البنكية
653 _aربوات بيع
653 _aربوات قروض
942 _cكتاب
999 _c42903
_d42903